Antiquities of the Orient unveiled : containing a concise description of the ruins of King Solomon's cities, together with those of forty of the most ancient and renowned cities of the East, including Babylon, Nineveh, Damascus, and Shushan /

محفوظ في:

المؤلف الرئيسي: Redding, M. W. (مؤلف)

التنسيق: كتاب

اللغة: English

منشور في: New York : Redding & co., 1873.

الموضوعات:

الوسوم: إضافة وسم

لا توجد وسوم, كن أول من يضع وسما على هذه التسجيلة!

رقم الطلب: DS44.9 .R44 1873

LEADER 00984namaa2200241 4500
001 20742
003 OSt
005 20260309110644.0
008 130303s1873 nyuab 000 0 eng d
040 |c ARCE Library 
043 |a aw----- 
050 4 |a DS44.9 .R44 1873 
100 1 |a Redding, M. W.,   |q (Moses Wolcott),   |e author 
245 1 0 |a Antiquities of the Orient unveiled :  |b containing a concise description of the ruins of King Solomon's cities, together with those of forty of the most ancient and renowned cities of the East, including Babylon, Nineveh, Damascus, and Shushan /   |c by M. Wolcott Redding.  
264 1 |a New York :  |b Redding & co.,  |c 1873. 
300 |a xii, [13]-421 p. :   |b illus., map (fold) ;   |c 24 cm. 
500 |a "List of interesting and valuable works on the Holy Land": page 541. 
610 2 0 |a Freemasons.  |9 22170 
651 0 |a Middle East  |x Antiquities. 
651 0 |a Middle East  |x Description and travel. 
901 |a reviewed 
942 |c BK  |2 lcc 
999 |c 17194  |d 17194